000 01066nam a22002777a 4500
001 BD-DhSAU 8849
003 BD-DhSAU
005 20181217145925.0
008 150420b2016 bg ||||| m||| 00| 0 eng d
040 _aBD-DhSAU
082 _222
_a635
_bAb59
100 _eRegistration # 10-03362
_a Abira, Zannatul
245 _aEffect of Micronutrients and Mulching on growth and yield of Broccoli
_bMS thesis
_c Abira, Zannatul
260 _aSher-e-Bangla Agricultural University :
_bDepartment of Horticulture,
_c2016
300 _ax,77 p. :
_c30 cm.
_bill. ;
500 _aMS thesis of Department of Horticulture, Faculty of Agriculture, Sher-e-Bangla Agricultural University, Dhaka
504 _aIncludes bibliographical reference.
590 _aShofi
650 _aHorticulture
650 _a Micronutrients and Mulching
650 _aBroccoli
700 _aKhatun, Khaleda
_eSuperviser
700 _aMostarin, Tahmina
_eCo-superviser
856 _uhttp://archive.saulibrary.edu.bd:8080/xmlui/handle/123456789/126
_yOnline Access
942 _2ddc
_cTHESIS
999 _c14012
_d14011